| 000 | 00467nam a2200157 a 4500 | ||
|---|---|---|---|
| 001 | 000026367 | ||
| 005 | 20200930024531.0 | ||
| 008 | 110315s1987 dr 000 0 spa d | ||
| 040 |
_aDO-SdBNP _bspa _cBNPHU |
||
| 245 | 0 | 0 |
_aIntroducción al sistema operativo MS-DOS / _ccompilador Virgilio Alvarez Renta. |
| 250 | _a2a ed. | ||
| 260 |
_aSanto Domingo : _bMICROPROG, _c1987. |
||
| 300 |
_a260 p. ; _c20 cm. |
||
| 700 | 1 |
_aAlvarez Renta, Virgilio _953395 |
|
| 049 | _aBNPD | ||
| 999 |
_c25859 _d25859 |
||